000 00942nam a2200229Ia 4500
003 IN-BaIIA
008 211028s9999 xx 000 0 eng d
020 _a0-415-30936-0
040 _cIIA Library
080 _a523.4
_bEAR
111 _aSymposium Study of the Earth's Deep Interior exeter
_n7th
_cEngland
_d2000 July 30 - Aug. 4
_928558
245 0 _aEarth's core and lower mantle
_bcontributions from SEDI 2000,The 7th symposium study of the Earth's deep interior exeter, 30th July - 4th Aug 2000
_cedited by C. A. Jones, Soward, A. M. and K. Zhang
260 _aLondon
_bTaylor and Francis
_c2003
300 _aviii, 218p.
490 _aThe fluid mechanics of astrophysics and geography
650 _aEarth's core
_928559
650 _aEnergy fluxes
_928560
700 _aJones, C. A., ed.
_928561
700 _aSoward, A. M., ed.
_913623
700 _aZhang, K., ed.
_928562
942 _cBK
999 _c15472
_d15472